| 000 | 01082cab a2200265 4500 | ||
|---|---|---|---|
| 001 | WB3520-35 | ||
| 008 | 090401t1999 xxu||||| |||| 00| 0 eng d | ||
| 035 | _a(Sirsi) u93576 | ||
| 041 | _aeng | ||
| 245 | _aRegion`s housing figures branded `lost opportunity` | ||
| 260 | _c1999 | ||
| 350 | _a0 | ||
| 490 |
_aPlanning (for the Natural and Built Environment) _v(1319) 21 May 1999, 2(1) |
||
| 520 | _aThe draft regional planning guidance (RPG) for the north east says that 119,000 homes will be needed between 1996 and 2016, and proposes that 60% should be built on brownfield sites. Environmentalists have criticised this for blindly feeding national targets into RPG without taking account of regional differences. The RPG also proposes the redesignation of green belt land for development. | ||
| 650 | _aBROWNFIELD DEVELOPMENT | ||
| 650 | _aGREENBELT | ||
| 650 | _aNEW HOMES | ||
| 650 | _aNEW HOUSES | ||
| 650 | _aNORTH EAST | ||
| 650 | _aREGIONAL PLANNING GUIDANCE | ||
| 650 | _aRPG | ||
| 690 | _aPLANNING LAW AND PRACTICE | ||
| 942 | _n0 | ||
| 948 | _c26/05/1999 | ||
| 999 |
_c59301 _d59301 |
||